000 00724nam a2200193 a 4500
001 BRCA_314
005 20190320202945.0
008 260508s1952----mx-#---###---#000-0#eng-#
050 4 _aNA6600
_b.U55 1952
245 1 0 _aUniversity City of Mexico
_bThe Rising City.
260 _aMéxico
_bOffice of Public Relations
_c1952
300 _a1 v. (sin paginación)
_c29 cm.
500 _aTítulo de la cubierta : Ciudad Universitaria de México
610 2 4 _aUniversidad Nacional Autónoma de México
_xConstrucciones
_91043
610 2 4 _aCiudad Universitaria (Ciudad de México)
_xArquitectura
_91044
650 1 4 _aEdificios universitarios
_zMéxico
_91045
651 4 _aCiudad de México
_xArquitectura moderna
_91046
942 _2lcc
_cB
999 _c252
_d252